01578 a2200229 45000010006000000050017000060080041000230030015000640400040000790800122001192450081002410200018003222640033003403000019003735050709003920410008011011000024011097000025011337000011011587000080011698560099012494490520260407155724.0260407a1990 arg spa dAR-UNSa-BCEJYS aAR-UNSa-BCEJYSbspacAR-UNSa-BCEJYS a304.4(82)xAspectos generales de las políticas y prácticas sociales y culturales en Argentina (política social)10aMucho, poquito o nadapcrisis y alternativas de polìtica social en los `90 a92-806-00-109 1aBuenos Aires :bUNICEFc1990 a255 p.c23 cm. a1. Ciudadanía o marginalidad: Política social argentina en los ´90 / Ernesto A. Isuani – 2. El tercer sector y el desarrollo social / Andrés Thompson – 3. L a protección al menor o el reino del revés / Cecilia Forteza y Carolina Cassous – 4. La atención a la salud infantil: Un espacio para el cambio / Hugo Mercer – 5. La escuela y equidad: Criterios de políticas / Emilio Tenti – 6. Restricciones y posibilidades de la política habitacional argentina / Susana Lumi – 7. El empleo urbano argentino de los ´80. Tendencias recientes y perspectivas / Rosalía Cortes – 8. Mucho, poquito o nada: Crisis y alternativas de política social en los ´90 / Eduardo S. Bustelo.  aspa1 aBustelo, Eduardo S.1 aIsuani, Ernesto Aldo1 aUNICEF1 aCentro Interdisciplinario para el Estudio de Políticas Públicas (CIEPP)41uhttps://www.biblioeco.unsa.edu.ar/pmb/images/libros/L127029.jpgyImagen de portadaqimage/jpeg